000 00468nam a22001457a 4500
005 20250208112021.0
008 250208b |||||||| |||| 00| 0 eng d
020 _a9780874933185
050 _aRC675
_b.A152
245 _aBLS for Healthcare Providers/
_ceditors, Edward R. Stapleton...et al., American Heart Association
260 _bAmerican Heart Association
_c2001
300 _a263p.
_bill. color
_c27.5cm
710 _aAmerican Heart Association
942 _2lcc
_cBK
_n0
999 _c3655
_d3655